Cursus juris canonici hispani et indici in quo, juxta orindem titulorum decretalium non solum canonicae decisiones afferuntur...

Detalles Bibliográficos
Autor principal: MURILLO VELARDE, Pedro
Formato: Libro
Publicado: Madrid 1743
Edición:2a. ed.
Materias:
Colección:Banco de datos
Acervo:Biblioteca del Ex Convento de Nuestra Señora de Guadalupe. Zacatecas
Descripción Física:t. I
Tema general:Derecho Eclesiástico
Notas:Buena. III,4,8(793). La guarda presenta un ex libris de León Cardona y Ortega. Sin marca de fuego
LEADER 00968nam a22002170004500
035 |a 39154 
036 |a 338 
100 1 |a MURILLO VELARDE, Pedro 
245 1 0 |a Cursus juris canonici hispani et indici in quo, juxta orindem titulorum decretalium non solum canonicae decisiones afferuntur...  |c adnot. Vincentii García Hernández 
250 |a 2a. ed. 
260 |a Madrid  |b Ex tipografía Angelae de Apontes, Petri Simón de Hoz, Francisco González  |c 1743 
300 |a t. I 
500 |a Buena. III,4,8(793). La guarda presenta un ex libris de León Cardona y Ortega. Sin marca de fuego 
650 1 0 |a Derecho Eclesiástico 
949 |a CRZ-CG 
959 |a Ex convento de Nuestra Señora de Guadalupe, Museo Regional de Zacatecas, Zacatecas  |b CCC4 
960 |a Convento de Nuestra Señora de Guadalupe, Zacatecas  |b DD87 
961 |a Franciscana  |b OF 
942 |c CRZ-CG 
943 |g Biblioteca del Ex Convento de Nuestra Señora de Guadalupe. Zacatecas 
999 |c 963281  |d 963281